00645nam a2200181 a 450000100100000000500170001000800410002704000250006808200150009311000650010824500340017326000640020730000210027150000350029204900090032795201120033699900150044800000753720200929154214.0090909s1946 dr 000 0 spa d aDO-SdBNPbspacBNPHU axxxbR426r1 aRepública Dominicana.bComisión Hípica Nacional92092410aReglamento hípico No. 3154. aCiudad Trujillo, República Dominicana :bMontalvo,c1946. a159 p. ;c17 cm. aIncluye índice alfabético. aBNPD 0010718PDaPDbPDcCTd2009-09-09iLF1l0oxxx R426rp7537-10r2020-06-25w2020-06-25yLFPDZNo se presta c7318d7318